[Event "Novi Becej op 25th"]
[Site "Novi Becej"]
[Date "2007.06.15"]
[Round "7"]
[White "Bodiroga, Predrag"]
[Black "Popovic, Predrag R"]
[Result "1/2-1/2"]
[WhiteElo "2430"]
[BlackElo "2241"]
[PlyCount "87"]
[EventDate "2007.06.09"]
[EventType "swiss"]
[EventRounds "9"]
[EventCountry "YUG"]
[SourceTitle "CBM 118 Extra"]
[Source "ChessBase"]
[SourceDate "2007.07.04"]
[SourceVersion "1"]
[SourceVersionDate "2007.07.04"]
[SourceQuality "1"]

1. d4 Nf6 2. c4 e6 3. Nf3 d5 4. Nc3 c6 5. e3 Bd6 6. Bd3 Nbd7 7. 0-0 0-0 8. e4 dxe4 9. Nxe4 Nxe4 10. Bxe4 Nf6 11. Bc2 b6 12. Bg5 Bb7 13. Qd3 g6 14. Rad1 Be7 15. Ne5 Nd7 16. Bf4 Nxe5 17. Bxe5 Bf6 18. Qg3 Bxe5 19. dxe5 Qc7 20. Rd6 Rfd8 21. h4 Qe7 22. Qf4 h5 23. c5 bxc5 24. Rfd1 Rab8 25. R1d2 Ba8 26. g3 Rxd6 27. exd6 Qd7 28. Qf6 Qd8 29. Qc3 Qd7 30. b3 Kh7 31. a4 c4 32. bxc4 c5 33. f3 e5 34. Kg2 Re8 35. Be4 Bxe4 36. fxe4 Qxa4 37. Qd3 Qc6 38. Qf3 Kg8 39. Rd5 Rd8 40. Qd3 Rd7 41. Qd2 a6 42. Kh2 Qb6 43. Kg2 a5 44. Qd1 1/2-1/2

[Event "Novi Becej op 25th"]
[Site "Novi Becej"]
[Date "2007.06.12"]
[Round "4"]
[White "Popovic, Predrag R"]
[Black "Ruzicic, Sinisa"]
[Result "1-0"]
[WhiteElo "2241"]
[BlackElo "2075"]
[PlyCount "77"]
[EventDate "2007.06.09"]
[EventType "swiss"]
[EventRounds "9"]
[EventCountry "YUG"]
[SourceTitle "CBM 118 Extra"]
[Source "ChessBase"]
[SourceDate "2007.07.04"]
[SourceVersion "1"]
[SourceVersionDate "2007.07.04"]
[SourceQuality "1"]

1. e4 c5 2. c3 d5 3. exd5 Qxd5 4. d4 cxd4 5. cxd4 Nc6 6. Nf3 e5 7. Nc3 Bb4 8. Bd2 Bxc3 9. Bxc3 Bg4 10. dxe5 Bxf3 11. Qxf3 Nge7 12. Be2 0-0-0 13. 0-0 Nxe5 14. Qxd5 Rxd5 15. f4 N5c6 16. Bxg7 Rg8 17. Bc3 h5 18. Rad1 h4 19. Bf3 Rc5 20. Kf2 Kc7 21. Rd2 Rc4 22. g3 Nf5 23. Rg1 hxg3+ 24. hxg3 Nfd4 25. Bd5 Rc5 26. Bxf7 Rf8 27. Bxd4 Nxd4 28. Rxd4 Rc2+ 29. Kf3 Rxf7 30. Rg2 Rc1 31. g4 Rf1+ 32. Kg3 b5 33. f5 a5 34. a3 Kb6 35. Rf4 Rh1 36. g5 Rh5 37. Kg4 Rfh7 38. g6 Rh4+ 39. Kf3 1-0

[Event "Novi Becej op 25th"]
[Site "Novi Becej"]
[Date "2007.06.11"]
[Round "3"]
[White "Popovic, Milos T"]
[Black "Popovic, Predrag R"]
[Result "1-0"]
[WhiteElo "2404"]
[BlackElo "2241"]
[PlyCount "133"]
[EventDate "2007.06.09"]
[EventType "swiss"]
[EventRounds "9"]
[EventCountry "YUG"]
[SourceTitle "CBM 118 Extra"]
[Source "ChessBase"]
[SourceDate "2007.07.04"]
[SourceVersion "1"]
[SourceVersionDate "2007.07.04"]
[SourceQuality "1"]

1. d4 Nf6 2. Bg5 Ne4 3. Bf4 d5 4. f3 Nf6 5. c4 c6 6. e3 e6 7. Nc3 Nh5 8. Bg3 Nxg3 9. hxg3 Qg5 10. Kf2 Bd6 11. f4 Qe7 12. c5 Bc7 13. Bd3 f5 14. Qh5+ Qf7 15. Qxf7+ Kxf7 16. Nf3 h6 17. g4 fxg4 18. Ne5+ Bxe5 19. fxe5 Bd7 20. Kg3 Ke7 21. Ne2 Be8 22. Kxg4 Nd7 23. Nf4 Rf8 24. Rhf1 Rb8 25. b4 b6 26. Rfb1 bxc5 27. bxc5 Bf7 28. Rxb8 Rxb8 29. Rb1 Rxb1 30. Bxb1 Be8 31. Nh5 Bxh5+ 32. Kxh5 Nf8 33. e4 dxe4 34. Bxe4 Kd7 35. Bg6 Ke7 36. Be4 Kd7 37. Kg4 Kc7 38. Kf4 Kb7 39. Ke3 Kc7 40. Kd3 Kb7 41. Kc4 Kc7 42. Kb4 Kb7 43. Ka5 Nd7 44. Bg6 Nf8 45. Bf7 g6 46. g4 a6 47. Be8 g5 48. a4 Nh7 49. Bg6 Nf8 50. Bd3 Ka7 51. Bxa6 Ng6 52. Bc4 Nf4 53. Kb4 Kb7 54. Kc3 Ka7 55. Kd2 Kb7 56. Bd3 Nxd3 57. Kxd3 Ka7 58. Kc4 Ka6 59. Kb4 Ka7 60. a5 Ka6 61. Ka4 Kb7 62. d5 cxd5 63. Kb5 Kc7 64. a6 d4 65. Kc4 h5 66. gxh5 g4 67. Kxd4 1-0

[Event "Belgrade Winter op"]
[Site "Belgrade"]
[Date "2006.01.27"]
[Round "7"]
[White "Popovic, Predrag R"]
[Black "Dimitrijevic, Radmilo"]
[Result "1/2-1/2"]
[WhiteElo "2112"]
[BlackElo "1922"]
[PlyCount "80"]
[EventDate "2006.01.21"]
[EventType "swiss"]
[EventRounds "9"]
[EventCountry "YUG"]
[SourceTitle "CBM 110 Extra"]
[Source "ChessBase"]
[SourceDate "2006.03.10"]
[SourceVersion "2"]
[SourceVersionDate "2006.03.10"]
[SourceQuality "1"]

1. e4 c5 2. Nf3 d6 3. Bc4 Nf6 4. Nc3 Nc6 5. h3 a6 6. a4 e6 7. d4 cxd4 8. Nxd4 Be7 9. 0-0 0-0 10. Nf3 Qc7 11. Qe2 b6 12. Bf4 Bb7 13. Rad1 Rfd8 14. Ng5 h6 15. Nf3 Nd7 16. Ba2 Nc5 17. Rfe1 Bf6 18. Qc4 Bxc3 19. Qxc3 e5 20. Be3 Nxa4 21. Qa3 Nc5 22. Bd5 Ne7 23. Bxc5 bxc5 24. Bc4 Nc6 25. Nh4 Nd4 26. Qd3 Qe7 27. Nf3 Nxf3+ 28. Qxf3 Bc8 29. Qd3 a5 30. f4 Be6 31. f5 Bxc4 32. Qxc4 Qb7 33. Qa2 a4 34. Rd3 Qb4 35. c3 Qb3 36. Qxb3 axb3 37. Red1 Ra2 38. R1d2 Kf8 39. Kf2 Ke7 40. Ke3 Rd7 1/2-1/2

[Event "Belgrade Winter op"]
[Site "Belgrade"]
[Date "2006.01.24"]
[Round "4"]
[White "Vukmirovic, Dusan"]
[Black "Popovic, Predrag R"]
[Result "1/2-1/2"]
[WhiteElo "2079"]
[BlackElo "2112"]
[PlyCount "149"]
[EventDate "2006.01.21"]
[EventType "swiss"]
[EventRounds "9"]
[EventCountry "YUG"]
[SourceTitle "CBM 110 Extra"]
[Source "ChessBase"]
[SourceDate "2006.03.10"]
[SourceVersion "2"]
[SourceVersionDate "2006.03.10"]
[SourceQuality "1"]

1. e4 a6 2. Nf3 b5 3. d4 Bb7 4. Bd3 e6 5. 0-0 Nf6 6. Qe2 c5 7. c3 Be7 8. Na3 0-0 9. Bg5 d6 10. Rad1 Nbd7 11. e5 Bxf3 12. Qxf3 dxe5 13. Bxf6 Bxf6 14. dxe5 Bxe5 15. Be4 Ra7 16. Rd3 Qh4 17. g3 Qe7 18. Qe2 Bc7 19. Rfd1 Nf6 20. Bg2 c4 21. R3d2 Bb6 22. Nc2 Rd7 23. Rxd7 Nxd7 24. Nb4 Nb8 25. Nd5 Qc5 26. Nf4 Re8 27. Nh5 Qg5 28. h4 Qe7 29. Qf3 e5 30. Rd5 Bd8 31. Qf5 g6 32. Qg4 f5 33. Qd1 gxh5 34. Qxh5 Rf8 35. Bh3 Qf6 36. Qd1 Bc7 37. Rd2 Nc6 38. Bg2 e4 39. Rd7 Bb8 40. Qd5+ Kh8 41. Rb7 Qd6 42. Qxd6 Bxd6 43. Rb6 Rc8 44. Bh3 Bc5 45. Rxa6 Ne7 46. a3 Kg7 47. Re6 Rc6 48. Bxf5 Rxe6 49. Bxe6 e3 50. fxe3 Bxe3+ 51. Kh2 Nc6 52. a4 bxa4 53. Bxc4 Na7 54. Be6 Bc1 55. Bd7 Bxb2 56. Bxa4 Bxc3 57. Bd7 Kf6 58. g4 h6 59. g5+ hxg5 60. hxg5+ Kxg5 61. Kg2 Kf4 62. Kh3 Ke5 63. Kg4 Kd6 64. Ba4 Nc8 65. Kf5 Nb6 66. Bb3 Nd7 67. Bc2 Be5 68. Be4 Nf8 69. Bb1 Ne6 70. Ba2 Nd4+ 71. Ke4 Ne2 72. Bg8 Bh8 73. Ke3 Ng3 74. Bh7 Nh5 75. Bb1 1/2-1/2

[Event "Belgrade Ada op"]
[Site "Belgrade"]
[Date "2005.08.16"]
[Round "2"]
[White "Cetkovic, Bozidar"]
[Black "Popovic, Predrag R"]
[Result "1-0"]
[WhiteElo "2281"]
[BlackElo "2102"]
[PlyCount "61"]
[EventDate "2005.08.15"]
[EventType "swiss"]
[EventRounds "9"]
[EventCountry "YUG"]
[SourceTitle "CBM 107 Extra"]
[Source "ChessBase"]
[SourceDate "2005.09.01"]
[SourceVersion "1"]
[SourceVersionDate "2005.09.01"]
[SourceQuality "1"]

1. e4 e5 2. Nf3 Nc6 3. Bb5 a6 4. Ba4 Nf6 5. Qe2 b5 6. Bb3 Be7 7. d4 d6 8. c3 Bg4 9. Be3 0-0 10. 0-0 Na5 11. Bc2 c5 12. dxe5 dxe5 13. h3 Bxf3 14. Qxf3 Nc4 15. Bc1 Ra7 16. Qe2 Re8 17. Nd2 Nxd2 18. Bxd2 Rb7 19. Be3 Bd6 20. Rfd1 Qe7 21. a4 c4 22. axb5 axb5 23. Ra6 Bc7 24. b3 cxb3 25. Bxb3 Reb8 26. Qf3 Rd8 27. g4 Rbb8 28. Rxd8+ Rxd8 29. g5 Ne8 30. Ra7 Rd7 31. Ra8 1-0

[Event "Belgrade Spring op"]
[Site "Belgrade"]
[Date "2005.03.31"]
[Round "7"]
[White "Simic, Zeljko"]
[Black "Popovic, Predrag R"]
[Result "1-0"]
[WhiteElo "2200"]
[BlackElo "2102"]
[PlyCount "67"]
[EventDate "2005.03.25"]
[EventType "swiss"]
[EventRounds "9"]
[EventCountry "YUG"]
[SourceTitle "CBM 105 Extra"]
[Source "ChessBase"]
[SourceDate "2005.05.01"]
[SourceVersion "1"]
[SourceVersionDate "2005.05.01"]
[SourceQuality "1"]

1. e4 d5 2. exd5 Nf6 3. d4 Nxd5 4. Nf3 g6 5. c3 Bg7 6. Bd3 0-0 7. 0-0 Nc6 8. Re1 Bg4 9. h3 Bxf3 10. Qxf3 e5 11. Be4 Nde7 12. dxe5 Nxe5 13. Qg3 N7c6 14. Bg5 Qd6 15. Na3 f6 16. Rad1 Qe7 17. Bc1 Rad8 18. Rxd8 Qxd8 19. f4 f5 20. Bc2 Nd7 21. Nc4 Re8 22. Ne3 Nf6 23. Rd1 Qc8 24. Bb3+ Kh8 25. Qf3 h5 26. Bf7 Kh7 27. Bxe8 Qxe8 28. g4 fxg4 29. hxg4 Qf7 30. g5 Ne8 31. f5 Ne5 32. fxg6+ Kxg6 33. Qe4+ Kxg5 34. Nd5+ 1-0